Statistics for Countries of Asia with an Empty Map

Click here to take the quiz!

General Stats

  • This quiz has been taken 81,402 times
  • The average score is 43 of 48

Answer Stats

Country % Correct
China
99%
India
99%
Japan
97%
Iran
96%
Pakistan
96%
Iraq
95%
Indonesia
95%
Nepal
95%
Afghanistan
95%
South Korea
95%
Thailand
95%
North Korea
95%
Mongolia
94%
Vietnam
94%
Saudi Arabia
93%
Laos
93%
Kazakhstan
92%
Oman
91%
Yemen
91%
Cambodia
91%
Bangladesh
91%
Malaysia
90%
Uzbekistan
90%
Israel
90%
Myanmar
90%
Turkmenistan
89%
Turkey
89%
Bhutan
89%
Syria
88%
Sri Lanka
88%
Jordan
88%
Taiwan
87%
Philippines
87%
Azerbaijan
86%
Singapore
86%
United Arab Emirates
86%
Tajikistan
85%
Kyrgyzstan
84%
Armenia
84%
Qatar
84%
Georgia
84%
Lebanon
82%
Kuwait
82%
Bahrain
79%
Brunei
77%
East Timor
74%
Maldives
72%
Cyprus
60%

Score Distribution

Percentile by Number Answered

Percent of People with Each Score

Your Score History

You have not taken this quiz